Bytové domy TRI VODY Malinovo

Na minha lista:
Detalhes bibliográficos
Autor principal: Ragan, Martin (Author)
Outros Autores: Somorová, Viera (Thesis advisor)
Formato: Manuscrito Livro
Idioma:eslovaco
Publicado em: 2016
Assuntos:
Acesso em linha:http://is.stuba.sk/zp/portal_zp.pl?podrobnosti=117476
https://opac.crzp.sk/?fn=detailBiblioForm&sid=1F2DA89437FD00828A4AADDF5675
Tags: Adicionar Tag
Sem tags, seja o primeiro a adicionar uma tag!

MARC

LEADER 00000ntm a22000003a 4500
001 stuzp58565
003 SK-STU
005 20231004113114.5
007 ta
008 150427s2015----xo-----f-mn---000-0-slo-d
040 |a STU  |b slo 
041 0 |a slo 
100 1 |a Ragan, Martin  |u 010270  |4 aut  |U SvF Stavebná fakulta  |T SvF Katedra technológie stavieb  |X 42290  |U V270  |Y 28  |7 A000042290 
242 0 1 |a Residential houses TRI VODY Malinovo  |y eng 
245 1 0 |a Bytové domy TRI VODY Malinovo 
260 |c 2016 
650 4 |a Bytový dom  |2 slo 
650 4 |a Malinovo  |2 slo 
650 4 |a Facility management  |2 slo 
650 4 |a Údržba  |2 slo 
650 4 |a Malinovo  |2 eng 
650 4 |a Residential house  |2 eng 
650 4 |a Facility management  |2 eng 
650 4 |a Maintenance  |2 eng 
700 1 |a Somorová, Viera  |u 010270  |k Z1  |4 ths  |U SvF Stavebná fakulta  |T SvF Katedra technológie stavieb  |X 672  |U V270  |Y 28  |7 A000000672 
856 4 |u http://is.stuba.sk/zp/portal_zp.pl?podrobnosti=117476 
856 4 |u https://opac.crzp.sk/?fn=detailBiblioForm&sid=1F2DA89437FD00828A4AADDF5675 
SQL |a stuzp58565  |b DDP  |c SLO  |d Bytové domy TRI VODY Malinovo  |e 42290  |f Ragan, Martin  |g 010270  |h 672  |i Somorová, Viera  |j 20160615  |k 681  |l 01  |m http://is.stuba.sk/zp/portal_zp.pl?podrobnosti=117476  |n I-TS  |o 5.2.8. stavebníctvo